000 00259cam a22001097a 4500
008 180718b xxu||||| |||| 00| 0 eng d
082 _aY1503x5461 D378
100 _aDelhi.
245 _aThe Delhi land reforms rules, 1954
260 _aDelhi
_b
_c
300 _a102p.
999 _c399242
_d399242